000 00632nam a22001937a 4500
999 _c19642
_d19642
003 AR-CdUCM
008 190518b ||||| |||| 00| 0 spa d
040 _aMUNICIPALIDAD PROVINCIAL DEL CUSCO
_cBIBLIOTECA MUNICIPAL DEL CUSCO
082 _a160 /
_bG45
100 _aGorski, D. P.
_914757
245 _aLógica /
260 _aMexico :
_bGrijlbo,
_c1959.
300 _a316 páginas ;
_c22 cm.
505 _aObjetivo y significado de la lógica -- El concepto -- Operciones logicas a base de conceptos -- El juicio....
650 _aLógica.
_92358
650 _aTeoria y concepto.
_941098
942 _2ddc
_cLIBROS
945 _awfj